• 首页
  • 本馆介绍
  • 公告通知
  • 最新文献
  • 馆藏检索
  • 电子资源
  • 读者导购
  • 参考咨询
  • 我的图书馆
  • 登录
  • 详细信息显示
  • 放入我的书架
  • 预约/预借图书
  • 作者相关作品
  • 分类相关作品
  • 丛书相关作品
  • 出版社相关作品

书目信息

  • 表格格式
  • 工作单格式
  • 卡片格式
题名:
激流勇进
    
 
作者: 钱跃 , 徐娅群 著
分册:  
出版信息: 上海   上海交通大学出版社  2017
页数: 184页
开本: 23cm
丛书名: 文化产业经典案例丛书
单 册:
中图分类: J809.2
科图分类:
主题词: 话剧--文化产业--产业发展--概况--上海
电子资源:
ISBN: 978-7-313-17684-4
000 00933oam2 2200277 450
001 012001002933
005 20140926114740.0
010    @a978-7-313-17684-4@dCNY68.00
100    @a20170905d2017 em y0chiy50 ea
101 0  @achi
102    @aCN@b310000
105    @aa z 000yy
106    @ar
200 1  @a激流勇进@9ji liu yong jin@e上海话剧艺术中心改革发展纪实@f钱跃,徐娅群著
210    @a上海@c上海交通大学出版社@d2017
215    @a184页@c图,照片@d23cm
225 1  @a文化产业经典案例丛书
300    @a上海市教委重点科研资助项目
330    @a本书回顾和总结了上海话剧艺术中心的改革举措和发展历程,将上话在国有表演艺术院团体制改革方面的成功经验整理结集成册。
461  0 @12001 @a文化产业经典案例丛书
606 0  @a话剧@x文化产业@x产业发展@x概况@y上海
690    @aJ809.2@v5
701  0 @a钱跃@9qian yue@4著
701  0 @a徐娅群@9xu ya qun@4著
801  0 @aCN@b上海新华@c20180901
905    @b1161800-4@dJ809.2@e127@f5
    
    激流勇进:上海话剧艺术中心改革发展纪实/钱跃,徐娅群著.-上海:上海交通大学出版社,2017
    184页:图,照片;23cm.-(文化产业经典案例丛书)
    上海市教委重点科研资助项目
    
    ISBN 978-7-313-17684-4:CNY68.00
    本书回顾和总结了上海话剧艺术中心的改革举措和发展历程,将上话在国有表演艺术院团体制改革方面的成功经验整理结集成册。
●
相关链接 在E读中查询图书 在五车中查询图书 在当当中查询图书 在豆瓣中查询图书


正题名:激流勇进     索取号:J809.2/127         预约/预借

序号 登录号 条形码 馆藏地/架位号 状态 备注
1 1161800   211618007   第一样本阅览室/ [索取号:J809.2/127] 在馆    
2 1161801   211618016   第一借阅区/ [索取号:J809.2/127] 在馆    
3 1161802   211618025   第一借阅区/ [索取号:J809.2/127] 在馆    
4 1161803   211618034   第一借阅区/ [索取号:J809.2/127] 在馆    
5 1161804   211618043   第一借阅区/ [索取号:J809.2/127] 在馆    
唐山师范学院图书馆 欢迎您!
大连网信软件有限公司© 版权所有